000 01652nam a2200373 a 4500
003 AR-BaBNM
005 20251128210602.0
008 082120s2002 ||||||||||||||000 | spa||
020 _a84-369-2807-5
040 _cAR-BaBNM
100 1 _aGil Pérez, Daniel
245 0 0 _aCómo se transmite la energía?
_bintroducción al estudio de las ondas
260 _aMadrid
_bMinisterio de Educacion y Ciencia (España)
_bMinisterio de Cultura y Educación (Argentina)
_bMinisterio de Educación (Cuba)
_bMinisterio de Educación (Venezuela)
_bUniversidad Nacional de Educación a Distancia
_bUniversidad Autónoma de Barcelona
_c1995
300 _a110 p.
_bil., gráfs.
_evideo
490 0 _aCurso de formación de profesores de ciencia. I Comprender y orientar los cambios en la materia
_vv. 3
500 _aEste material forma parte del curso de enseñanza a distancia para la Televisión Educativa Iberoamericana. Se compone de 30 unidades didácticas que constan de un material impreso y de un programa audiovisual. Solicitar en MEDIATECA videos de Forciencias
610 2 4 _aAsociación de Televisión Educativa Iberoamericana
650 4 _aMETODOS DE ENSEÑANZA
650 4 _aFISICA
650 4 _aENERGIA
650 4 _aONDAS ACUSTICAS
650 4 _aONDAS ELECTROMAGNETICAS
651 4 _aEspaña
653 _aFORMACION DOCENTE CONTINUA
653 _aENSEÑANZA DE LAS CIENCIAS NATURALES
653 _aSEGUNDO CICLO DE LA EGB
653 _aTERCER CICLO DE LA EGB
653 _aNIVEL MEDIO
653 _aUNIDADES DIDACTICAS
700 1 _aFurió Más, Carlos
700 1 _aCarrascosa Alís, Jaime
942 _cBK
998 _cRaquel
999 _c16052
_d16052